000
00348nam a2200145Ia 4500
008
221007s9999 xx 000 0 und d
041
_a
eng
082
_b
PAT
100
_a
Patange D( 2k61103)
_9
102124
245
_a
On Organizational Climate
260
_c
2008
_b
Pune University
_a
Pune
300
_a
57p
520
_a
Kasande P
906
_b
General
999
_c
69282
_d
69282